Chemické inžinierstvo: I /

Saved in:
Bibliographic Details
Main Authors: Kossaczký, Elemír (Author), Surový, Július (Author)
Format: Book
Language:Slovak
Published: Bratislava : SVŠT 1954
Edition:1. vyd.
Subjects:
Online Access:OBSAH
Tags: Add Tag
No Tags, Be the first to tag this record!

MARC

LEADER 00000nam a22000003a 4500
001 0024232
005 20170602112426.9
008 071220s1968----cs------------------slo-d
040 |a STU  |b slo 
041 0 |a slo 
044 |a cs 
080 |a 66.01 
100 1 |a Kossaczký, Elemír  |4 aut  |7 unknown*stu13674 
245 1 |a Chemické inžinierstvo: I /  |c aut. Elemír Kossaczký, Július Surový 
250 |a 1. vyd. 
260 |a Bratislava :  |b SVŠT  |c 1954 
300 |a 200 s. 
650 7 |a procesy fyzikálno - chemické  |2 stusub  |7 unknown*stus6890 
700 1 |a Surový, Július  |4 aut  |7 unknown*stu14239 
856 4 |a https://sweb.mtf.stuba.sk/obsahy/chemicke_inzinierstvo_1_68  |u https://sweb.mtf.stuba.sk/obsahy/chemicke_inzinierstvo_1_68  |3 OBSAH 
996 |b 284M056692  |c M* 13932-1  |l MMKN  |s A  |a 24  |w 0024232_0001